00990nam a2200205 a 450000100100000000500170001000800410002704000250006808200130009310000420010624500880014826000480023630000210028450000760030550400320038195201260041395201110053995201170065099900170076700004350520201002044823.0140320s2008 dr 000 0 spa d aDO-SdBNPbspacBNPHU axxxbxxx1 aTorres, Lorenzo Eduardod1963-97120813aEl Estado :bsus derechos y obligaciones internacionales /cLorenzo Eduardo Torres. a[Santo Domingo] :b[Diagramación],c2008. a159 p. ;c21 cm. aIncluye datos biográficos del autor en la solapa de la contracubierta aBibliografía : p. 157-158 001054708DSaGRbGRcHDd2014-03-20iLF1l0oxxx xxxp43505-30r2020-06-25te. 3w2020-06-25yLFDSZPréstamo en sala 0010718PDaPDbPDcHDd2014-03-20iLF1l0oxxx xxxp43505-10r2020-06-25w2020-06-25yLFPDZNo se presta 0010718PDaPDbPDcHDd2014-03-20iLF1l0oxxx xxxp43505-20r2020-06-25te. 2w2020-06-25yLFPDZNo se presta c42994d42994